000 01157cam a2200241 4500
001 ABS63007
008 000000n2000 000 0 eng u
035 _a(Sirsi) u109156
100 _aBrewer, G.
245 _aAnd the decision is...
260 _c2000
490 _aContract Journal
_v406(6301) 1 November 2000, 25(1)
520 _aIt is far from clear how architects, engineers and contract administrators should apply the decisions of an adjudicator. Considers the implications of the ruling in "Edmund Nuttall v Sevenoaks DC", and discusses the issues surrounding deductions from adjudicators' decisions.
590 _aABS
650 _aMANAGEMENT-DISPUTE AVOIDANCE, MANAGEMENT AND RESOLUTION-DISPUTE MANAGEMENT AND RESOLUTION-ALTERNATIVE DISPUTE RESOLUTION-ADJUDICATION
650 _aEDMUND NUTTALL V SEVENOAKS DC
650 _aMANAGEMENT-DISPUTE AVOIDANCE, MANAGEMENT AND RESOLUTION-DISPUTE MANAGEMENT AND RESOLUTION-ALTERNATIVE DISPUTE RESOLUTION-ADJUDICATION-ADJUDICATION AWARDS
650 _aCONTRACT ADMINISTRATORS
650 _aDEDUCTIONS
650 _aINTERIM CERTIFICATES
690 _aDispute resolution
_96236
942 _n0
999 _c65173
_d65173